000 00696nam a2200205 4500
001 138363
003 ES-MaACL
005 20230906195542.0
007 t|
008 070214s1944 sp r ||||1| spa d
100 1 _aSancho Izquierdo, Miguel.
_9103044
245 1 0 _aTratado elemental de Filosofía del Derecho y Principios de Derecho Natural /
_cpor Miguel Sancho Izquierdo.
250 _a2ª ed.
260 _aZaragoza :
_bLibrería General,
_c1944 (
_fImp. de `El Noticiero`)
300 _a383 p. ;
_c20 cm.
490 1 _aBiblioteca de iniciación jurídica
830 0 _aBiblioteca de iniciación jurídica
_9186560
852 _aES-MaACL
_jB-10284
_bR.21787
999 _c138363
_d138363